Morpho-anatomical characterization and genetic analysis on Tossa jute (Chrchorus olitorius L.) / (Record no. 15954)
[ view plain ]
| 000 -LEADER | |
|---|---|
| fixed length control field | 01112nam a22002777a 4500 |
| 003 - CONTROL NUMBER IDENTIFIER | |
| control field | BD-DhSAU |
| 005 - DATE AND TIME OF LATEST TRANSACTION | |
| control field | 20220829102210.0 |
| 008 - FIXED-LENGTH DATA ELEMENTS--GENERAL INFORMATION | |
| fixed length control field | 160824b2019 bg abd|| |||| 001 0 eng d |
| 040 ## - CATALOGING SOURCE | |
| Original cataloging agency | BD-DhSAU |
| 082 ## - DEWEY DECIMAL CLASSIFICATION NUMBER | |
| Edition number | 22 |
| Classification number | 581.15 |
| Item number | Al117 |
| 100 ## - MAIN ENTRY--PERSONAL NAME | |
| Personal name | Alam, Muhammad Jahangir |
| Relator term | Registration # 03213 |
| 245 ## - TITLE STATEMENT | |
| Title | Morpho-anatomical characterization and genetic analysis on Tossa jute (Chrchorus olitorius L.) / |
| Remainder of title | Ph.D Thesis |
| Statement of responsibility, etc. | Muhammad Jahangir Alam |
| 260 ## - PUBLICATION, DISTRIBUTION, ETC. (IMPRINT) | |
| Place of publication, distribution, etc. | sher-e-Bangla Agricultural University |
| Name of publisher, distributor, etc. | Department of genetics and plant breeding |
| Date of publication, distribution, etc. | June, 2019 |
| 300 ## - PHYSICAL DESCRIPTION | |
| Extent | xxiii, 255 p. : |
| Other physical details | ill., maps, chart ; |
| Dimensions | 30 cm. |
| 500 ## - GENERAL NOTE | |
| General note | Ph.D thesis of Department of Genetics and Plant Breeding, Faculty of Agriculture, Sher-r-e-Bangla Agricultural University, Dhaka-1207 |
| 590 ## - Name of Cataloguer | |
| Name of Cataloger | Kobir |
| 650 ## - SUBJECT ADDED ENTRY--TOPICAL TERM | |
| Topical term or geographic name as entry element | Genetics and plant breeding |
| 650 ## - SUBJECT ADDED ENTRY--TOPICAL TERM | |
| Topical term or geographic name as entry element | Morpho-anatomi |
| 650 ## - SUBJECT ADDED ENTRY--TOPICAL TERM | |
| Topical term or geographic name as entry element | Tossa Jute |
| 650 ## - SUBJECT ADDED ENTRY--TOPICAL TERM | |
| Topical term or geographic name as entry element | Corchorus olitorius L. |
| 700 ## - ADDED ENTRY--PERSONAL NAME | |
| Personal name | Mahmud, Firoz |
| Relator term | Chairman |
| 700 ## - ADDED ENTRY--PERSONAL NAME | |
| Personal name | Bhuiyan, Md. Shahidur Rashid |
| Relator term | Member |
| 700 ## - ADDED ENTRY--PERSONAL NAME | |
| Personal name | Zeba, Naheed |
| Relator term | Member |
| 700 ## - ADDED ENTRY--PERSONAL NAME | |
| Personal name | Roy, Tuhin Suvra |
| Fuller form of name | Member |
| 942 ## - ADDED ENTRY ELEMENTS (KOHA) | |
| Source of classification or shelving scheme | Dewey Decimal Classification |
| Koha item type | PhD Thesis |
| Withdrawn status | Lost status | Source of classification or shelving scheme | Damaged status | Not for loan | Collection code | Home library | Branch Name | Shelving location | Date acquired | Total Checkouts | Full call number | Barcode | Date last seen | Price effective from | Koha item type |
|---|---|---|---|---|---|---|---|---|---|---|---|---|---|---|---|
| Dewey Decimal Classification | Not For Loan | Reference | SAU Library | SAU Library | Reference | 24/08/2022 | 581.15 Al117 | 43701 | 29/08/2022 | 29/08/2022 | PhD Thesis |
